logo

Bir Sreshtho Munshi Abdur Rouf Library
Jhenaidah Cadet College

Monetary theory and practice / (Record no. 9022)

MARC details
000 -LEADER
fixed length control field 00767nam a2200289 i 4500
001 - CONTROL NUMBER
JCCL Control Number 9022
003 - CONTROL NUMBER IDENTIFIER
JCCL marc code BD-JhCC
005 - DATE AND TIME OF LATEST TRANSACTION
control field 20180307130504.0
008 - FIXED-LENGTH DATA ELEMENTS--GENERAL INFORMATION
fixed length control field 760225s1974 enk b 000 0 eng
020 ## - INTERNATIONAL STANDARD BOOK NUMBER
International Standard Book Number 0712113776 :
Terms of availability £1.75
035 ## - SYSTEM CONTROL NUMBER
system control number (BD-JhCC)9022
040 ## - CATALOGING SOURCE
Original cataloging agency DLC
Transcribing agency DLC
Modifying agency DLC
-- BD-JhCC
041 ## - LANGUAGE CODE
Language code of Book eng
050 00 - LIBRARY OF CONGRESS CALL NUMBER
Classification number HG221
Item number .H2798 1974
082 00 - DEWEY DECIMAL CLASSIFICATION NUMBER
Classification number 332.4/941
Author mark and Year HAN 1974
100 1# - MAIN ENTRY--PERSONAL NAME
Personal name Hanson, John Lloyd.
245 10 - TITLE STATEMENT
Title Monetary theory and practice /
Statement of responsibility, etc by J. L. Hanson.
250 ## - EDITION STATEMENT
Edition statement 5th ed.
260 ## - PUBLICATION, DISTRIBUTION, ETC. (IMPRINT)
Place of publication, distribution, etc London :
Name of publisher, distributor, etc Macdonald and Evans,
Date of publication, distribution, etc 1974.
300 ## - PHYSICAL DESCRIPTION
Pagination xiv, 330 p. ;
Dimensions 22 cm.
650 #0 - SUBJECT ADDED ENTRY--TOPICAL TERM
Topical term or geographic name as entry element Money.
650 #0 - SUBJECT ADDED ENTRY--TOPICAL TERM
Topical term or geographic name as entry element Money
Geographic subdivision Great Britain.
650 #0 - SUBJECT ADDED ENTRY--TOPICAL TERM
Topical term or geographic name as entry element International finance.
650 #0 - SUBJECT ADDED ENTRY--TOPICAL TERM
Topical term or geographic name as entry element Banks and banking.
942 ## - ADDED ENTRY ELEMENTS (KOHA)
Source of classification or shelving scheme Dewey Decimal Classification
Koha item type Books
Holdings
Source of classification or shelving scheme Damaged status Not for loan Home library Current library Shelving location Total Checkouts Full call number Barcode Date last seen Copy number Koha item type
Dewey Decimal Classification     JCC Rouf Library JCC Rouf Library General Stacks   332.4/941 HAN 1974 11249 03/07/2018 C - 1 Books

JCC Library | Contacts | JCC Home

Last Update on 23 September 2017
Copyright @ 2017-2020 JCC Rouf Library
Rouf Library, Jhenidah Cadet College (JCC), Bangladesh